Súčasná dynamika rozvoja maďarskej ekonomiky Príloha Hospodárskych novín

Niektoré problémy charakteristické pre tranzitné ekonomiky v súčasných vývojových trendoch maďarskej ekonomiky. Pozitívne a negatívne javy. Monitor hospodárskeho vývoja Maďarska.

Gespeichert in:
Bibliographische Detailangaben
1. Verfasser: Oberhauser, Ján Artur
Format: Buchkapitel
Sprache:Slowakisch
Schlagworte:
Tags: Tag hinzufügen
Keine Tags, Fügen Sie das erste Tag hinzu!

MARC

LEADER 00000naa a2200000 4500
001 r026889
005 20230824090157.5
041 0 |a slo 
044 |a SK 
245 1 0 |a Súčasná dynamika rozvoja maďarskej ekonomiky  |b Príloha Hospodárskych novín  |c Ján Artur Oberhauser 
520 |a Niektoré problémy charakteristické pre tranzitné ekonomiky v súčasných vývojových trendoch maďarskej ekonomiky. Pozitívne a negatívne javy. Monitor hospodárskeho vývoja Maďarska. 
610 2 0 |a Maďarsko 
610 2 0 |a 1996 
610 2 0 |a 1997 
610 2 0 |a dynamika ekonomiky 
610 2 0 |a rast hospodársky 
100 1 |a Oberhauser, Ján Artur